| 000 | 00879nmm a2200277 a 4500 | ||
|---|---|---|---|
| 001 | ocm000565550 | ||
| 003 | TR-IsHL | ||
| 005 | 20201028122652.0 | ||
| 008 | 130927s2006 tu tur | ||
| 007 | cr cn | ||
| 020 | _a9789756217139 | ||
| 035 |
_a565550 _b(N$T) |
||
| 050 | 0 | 4 |
_aGR280 _b.O73 2006 |
| 090 | 0 | 4 |
_aGR280 _b.O73 2006 |
| 100 | 1 | _aOral, Ünver | |
| 245 | 1 | 0 |
_aTeşkilat Ercan: Ercan Poyraz'a armağan _h[electronic resource] / _cÜnver Oral |
| 250 | _a1. bs. | ||
| 260 |
_aİstanbul : _bBilgecan Yayınları, _c2006 |
||
| 300 | _a80 p. | ||
| 650 | 4 | _aDil ve Edebiyat | |
| 650 | 4 | _aLanguage and Literature | |
| 650 | 0 | _aHalk edebiyatı, Türkiye | |
| 650 | 0 | _aFolk literature, Turkish | |
| 650 | 7 |
_aSOCIAL SCIENCE / Folklore & Mythology _2bisacsh |
|
| 856 | 4 | 0 | _uhttp://search.ebscohost.com/login.aspx?direct=true&scope=site&db=e011xww&AN=565550 |
| 999 |
_c1992 _d1992 |
||